Textbook of Ear, Nose, Throat and Head & neck Surgery Clinical and practical / (Record no. 35327)

MARC details
000 -LEADER
fixed length control field 00595nam a22002057a 4500
005 - DATE AND TIME OF LATEST TRANSACTION
control field 20240312115445.0
008 - FIXED-LENGTH DATA ELEMENTS--GENERAL INFORMATION
fixed length control field 240312b |||||||| |||| 00| 0 eng d
020 ## - INTERNATIONAL STANDARD BOOK NUMBER
ISBN 9788123923161
082 ## - DEWEY DECIMAL CLASSIFICATION NUMBER
Classification number 615
Item number HAZ-T
100 ## - MAIN ENTRY--AUTHOR
Author Name Hazarika.P
245 ## - TITLE STATEMENT
Title Textbook of Ear, Nose, Throat and Head & neck Surgery Clinical and practical /
Statement of responsibility, etc. P.Hazarika, D.R Nayak, R.Balakrishnan
250 ## - EDITION STATEMENT
Edition statement 3rd ed.
260 ## - PUBLICATION, DISTRIBUTION, ETC.
Place of Publication India:
Name of publisher, distributor, etc. CBS;
Date of publication, distribution, etc. 2007.
300 ## - PHYSICAL DESCRIPTION
Pages xv ; 920p. :
500 ## - GENERAL NOTE
General note include index.
650 ## - SUBJECT ADDED ENTRY--TOPICAL TERM
Subject / Department Medical / ENT
700 ## - ADDED ENTRY--PERSONAL NAME
Personal name D.R Nayak
700 ## - ADDED ENTRY--PERSONAL NAME
Personal name R.Balakrishnan
300 ## - PHYSICAL DESCRIPTION
-- ill;
-- 24 cm.
952 ## - LOCATION AND ITEM INFORMATION (KOHA)
-- 0
-- 0
952 ## - LOCATION AND ITEM INFORMATION (KOHA)
-- 0
-- 0
952 ## - LOCATION AND ITEM INFORMATION (KOHA)
-- 0
-- 0
Holdings
Lost status Damaged status Collection code Permanent Location Current Location Shelving Location Date acquired Full Call Number Accession No./Barcode Date last seen Copy number item type Koha item type
    Medical Superior Information Resource Center (SIRC) Superior University- Main Campus Superior Information Resource Center (SIRC) Superior University- Main Campus ENT 03/12/2024 615 HAZ-T 2014 10285 03/12/2024 1 BOOK BOOK
    Medical Superior Information Resource Center (SIRC) Superior University- Main Campus Superior Information Resource Center (SIRC) Superior University- Main Campus ENT 03/12/2024 615 HAZ-T 2014 10286 03/12/2024 2 BOOK BOOK
    Medical Superior Information Resource Center (SIRC) Superior University- Main Campus Superior Information Resource Center (SIRC) Superior University- Main Campus ENT 03/12/2024 615 HAZ-T 2014 10287 03/12/2024 3 BOOK BOOK

Powered by Koha